000 00271nam a22001217a 4500
082 _a823
_bBAL
100 _aT V BALASUBRAMANIAN
245 _aMAHABHARTHA
260 _aTHRISSUR
_bH&C
520 _aENGLISH SHORT STORY
650 _aENGLISH SHORT STORY
_zKERALA
942 _cBK
999 _c5800
_d5800